[Event "Rishon Le Ziyyon-ch U18"]
[Site "Rishon Le Ziyyon"]
[Date "2023.04.04"]
[Round "9"]
[White "Azoulay, Yehonatan"]
[Black "Andreev, Robert"]
[Result "0-1"]
[WhiteElo "1821"]
[BlackElo "1541"]
[PlyCount "164"]
[EventDate "2023.03.28"]
[EventType "swiss"]
[EventRounds "9"]
[EventCountry "ISR"]
[SourceTitle "CBM 213 Extra"]
[Source "ChessBase"]
[SourceDate "2023.05.31"]
[SourceVersion "1"]
[SourceVersionDate "2023.05.31"]
[SourceQuality "1"]

1. e4 c5 2. Nf3 d6 3. d4 cxd4 4. Qxd4 Nc6 5. Bb5 Bd7 6. Bxc6 Bxc6 7. Nc3 Nf6 8. Bg5 e6 9. 0-0-0 Be7 10. Qd3 0-0 11. Nd4 Qc7 12. f4 Rfd8 13. f5 e5 14. Bxf6 Bxf6 15. Nf3 Rac8 16. Rd2 Qa5 17. Kb1 Qb4 18. Re1 a5 19. g4 Be7 20. g5 g6 21. f6 Bf8 22. h4 a4 23. a3 Qa5 24. h5 Qa6 25. hxg6 fxg6 26. Qxa6 bxa6 27. Red1 Re8 28. Rf1 Rc7 29. Ne1 Rf7 30. Rh2 h5 31. Ng2 Rb7 32. Ka1 Reb8 33. Rb1 Rc7 34. Ne3 Ba8 35. Ned5 Rc4 36. Re1 Kf7 37. Rd2 Bc6 38. Ka2 Rd4 39. Rxd4 exd4 40. Nd1 Re8 41. c4 Re5 42. Nf2 Rxg5 43. Nd3 Rg3 44. N3b4 Bb7 45. c5 dxc5 46. e5 Re3 47. Nxe3 cxb4 48. Nd1 Bd5+ 49. Kb1 bxa3 50. bxa3 Bxa3 51. Rf1 Bf8 52. Nb2 a3 53. Nd3 Be4 54. Rd1 Ke6 55. Kc2 Bxd3+ 56. Kxd3 Kxe5 57. f7 h4 58. Re1+ Kf6 59. Rf1+ Ke7 60. Rf4 h3 61. Rf2 g5 62. Kxd4 g4 63. Rh2 g3 64. Rxh3 a2 65. Rh1 g2 66. Rg1 a1Q+ 67. Rxa1 Bg7+ 68. Ke3 Bxa1 69. Kf2 Bd4+ 70. Kxg2 a5 71. Kf3 a4 72. Ke4 Bh8 73. Kd3 a3 74. Kc2 a2 75. Kb3 a1Q 76. f8Q+ Kxf8 77. Kb4 Qc3+ 78. Kb5 Ke7 79. Kb6 Kd6 80. Kb7 Qb4+ 81. Kc8 Qb1 82. Kd8 Qb8# 0-1